<?xml version="1.0" encoding="UTF-8"?>
<record
    xmlns:xsi="http://www.w3.org/2001/XMLSchema-instance"
    xsi:schemaLocation="http://www.loc.gov/MARC21/slim http://www.loc.gov/standards/marcxml/schema/MARC21slim.xsd"
    xmlns="http://www.loc.gov/MARC21/slim">

  <leader>00783nam a22001337a 4500</leader>
  <datafield tag="040" ind1=" " ind2=" ">
    <subfield code="c">RUA</subfield>
  </datafield>
  <datafield tag="082" ind1=" " ind2=" ">
    <subfield code="a">AGR SEN 2009 B042 Or.1</subfield>
  </datafield>
  <datafield tag="100" ind1=" " ind2=" ">
    <subfield code="a">SENG, SOPHEAK.</subfield>
  </datafield>
  <datafield tag="245" ind1=" " ind2=" ">
    <subfield code="a">effect of different organic effectlizers on green mustard at crop station of royal university of agriculture ( &#x17A5;&#x1791;&#x17D2;&#x1792;&#x17B7;&#x1796;&#x179B;&#x1793;&#x17C3;&#x1794;&#x17D2;&#x179A;&#x1797;&#x17C1;&#x1791;&#x1787;&#x17B8;&#x1792;&#x1798;&#x17D2;&#x1798;&#x1787;&#x17B6;&#x178F;&#x17B7;&#x1795;&#x17D2;&#x179F;&#x17C1;&#x1784;&#x17D7;&#x1782;&#x17D2;&#x1793;&#x17B6;&#x1791;&#x17C5;&#x179B;&#x17BE;&#x178A;&#x17C6;&#x178E;&#x17B6;&#x17C6;&#x179F;&#x17D2;&#x1796;&#x17C3;&#x1781;&#x17C0;&#x179C;&#x1780;&#x17D2;&#x1793;&#x17BB;&#x1784;&#x179F;&#x17D2;&#x178F;&#x17B6;&#x1793;&#x17B8;&#x1799;&#x17CD;&#x1796;&#x17B7;&#x179F;&#x17C4;&#x1792;&#x1793;&#x17CD;&#x178A;&#x17C6;&#x178E;&#x17B6;&#x17C6;&#x1793;&#x17C3;&#x179F;&#x17B6;&#x1780;&#x179B;&#x179C;&#x17B7;&#x1791;&#x17D2;&#x1799;&#x17B6;&#x179B;&#x17D0;&#x1799;&#x1797;&#x17BC;&#x1798;&#x17B7;&#x1793;&#x17D2;&#x1791;&#x1780;&#x179F;&#x17B7;&#x1780;&#x200B;&#x1798;&#x17D2;&#x1798;)</subfield>
  </datafield>
  <datafield tag="260" ind1=" " ind2=" ">
    <subfield code="a">Phnom Penh</subfield>
    <subfield code="b">RUA</subfield>
    <subfield code="c">2009</subfield>
  </datafield>
  <datafield tag="300" ind1=" " ind2=" ">
    <subfield code="a">xi, 52p.</subfield>
    <subfield code="b">ill.</subfield>
    <subfield code="c">29cm.</subfield>
  </datafield>
  <datafield tag="856" ind1=" " ind2=" ">
    <subfield code="u">https://drive.google.com/file/d/1GiGPLT1WOqz7A0ZbZQzj2H4q4PXH0zyf/view?usp=sharing</subfield>
  </datafield>
  <datafield tag="942" ind1=" " ind2=" ">
    <subfield code="c">AGR</subfield>
  </datafield>
  <datafield tag="999" ind1=" " ind2=" ">
    <subfield code="c">929</subfield>
    <subfield code="d">929</subfield>
  </datafield>
  <datafield tag="952" ind1=" " ind2=" ">
    <subfield code="0">0</subfield>
    <subfield code="1">0</subfield>
    <subfield code="2">ddc</subfield>
    <subfield code="4">0</subfield>
    <subfield code="6">AGR_SEN_2009_000000000000000_B042_OR_1</subfield>
    <subfield code="7">0</subfield>
    <subfield code="9">3790</subfield>
    <subfield code="a">LBB</subfield>
    <subfield code="b">LBB</subfield>
    <subfield code="c">B042</subfield>
    <subfield code="d">2015-09-21</subfield>
    <subfield code="l">1</subfield>
    <subfield code="o">AGR SEN 2009 B042 Or.1</subfield>
    <subfield code="p">RUA000451</subfield>
    <subfield code="r">2019-06-04</subfield>
    <subfield code="s">2019-04-26</subfield>
    <subfield code="w">2015-09-21</subfield>
    <subfield code="y">AGR</subfield>
  </datafield>
  <datafield tag="952" ind1=" " ind2=" ">
    <subfield code="0">0</subfield>
    <subfield code="1">0</subfield>
    <subfield code="2">ddc</subfield>
    <subfield code="4">0</subfield>
    <subfield code="6">AGR_SEN_2009_000000000000000_B042_OR_2</subfield>
    <subfield code="7">0</subfield>
    <subfield code="9">3791</subfield>
    <subfield code="a">LBB</subfield>
    <subfield code="b">LBB</subfield>
    <subfield code="c">B042</subfield>
    <subfield code="d">2015-09-21</subfield>
    <subfield code="l">1</subfield>
    <subfield code="o">AGR SEN 2009 B042 Or.2</subfield>
    <subfield code="p">RUA000783</subfield>
    <subfield code="r">2019-09-03</subfield>
    <subfield code="s">2019-08-23</subfield>
    <subfield code="w">2015-09-21</subfield>
    <subfield code="y">AGR</subfield>
  </datafield>
  <datafield tag="952" ind1=" " ind2=" ">
    <subfield code="0">0</subfield>
    <subfield code="1">0</subfield>
    <subfield code="2">ddc</subfield>
    <subfield code="4">0</subfield>
    <subfield code="6">AGR_SEN_2009_000000000000000_B042_OR_3</subfield>
    <subfield code="7">0</subfield>
    <subfield code="9">3792</subfield>
    <subfield code="a">LBB</subfield>
    <subfield code="b">LBB</subfield>
    <subfield code="c">B042</subfield>
    <subfield code="d">2015-09-21</subfield>
    <subfield code="o">AGR SEN 2009 B042 Or.3</subfield>
    <subfield code="p">RUA000830</subfield>
    <subfield code="r">2015-09-21</subfield>
    <subfield code="w">2015-09-21</subfield>
    <subfield code="y">AGR</subfield>
  </datafield>
  <datafield tag="952" ind1=" " ind2=" ">
    <subfield code="0">0</subfield>
    <subfield code="1">0</subfield>
    <subfield code="2">ddc</subfield>
    <subfield code="4">0</subfield>
    <subfield code="6">AGR_SEN_2009_000000000000000_B042_OR_4</subfield>
    <subfield code="7">0</subfield>
    <subfield code="9">3793</subfield>
    <subfield code="a">LBB</subfield>
    <subfield code="b">LBB</subfield>
    <subfield code="c">B042</subfield>
    <subfield code="d">2015-09-21</subfield>
    <subfield code="l">1</subfield>
    <subfield code="o">AGR SEN 2009 B042 Or.4</subfield>
    <subfield code="p">RUA000391</subfield>
    <subfield code="r">2022-03-21</subfield>
    <subfield code="s">2022-02-07</subfield>
    <subfield code="w">2015-09-21</subfield>
    <subfield code="y">AGR</subfield>
  </datafield>
  <datafield tag="952" ind1=" " ind2=" ">
    <subfield code="0">0</subfield>
    <subfield code="1">0</subfield>
    <subfield code="2">ddc</subfield>
    <subfield code="4">0</subfield>
    <subfield code="6">AGR_SEN_2009_000000000000000_B042_OR_5</subfield>
    <subfield code="7">0</subfield>
    <subfield code="9">3794</subfield>
    <subfield code="a">LBB</subfield>
    <subfield code="b">LBB</subfield>
    <subfield code="c">B042</subfield>
    <subfield code="d">2015-09-21</subfield>
    <subfield code="l">1</subfield>
    <subfield code="o">AGR SEN 2009 B042 Or.5</subfield>
    <subfield code="p">RUA000463</subfield>
    <subfield code="r">2016-09-27</subfield>
    <subfield code="s">2016-09-21</subfield>
    <subfield code="w">2015-09-21</subfield>
    <subfield code="y">AGR</subfield>
  </datafield>
  <datafield tag="952" ind1=" " ind2=" ">
    <subfield code="0">0</subfield>
    <subfield code="1">0</subfield>
    <subfield code="2">ddc</subfield>
    <subfield code="4">0</subfield>
    <subfield code="6">AGR_SEN_2009_000000000000000_B042_OR_6</subfield>
    <subfield code="7">0</subfield>
    <subfield code="9">3795</subfield>
    <subfield code="a">LBB</subfield>
    <subfield code="b">LBB</subfield>
    <subfield code="c">B042</subfield>
    <subfield code="d">2015-09-21</subfield>
    <subfield code="l">3</subfield>
    <subfield code="o">AGR SEN 2009 B042 Or.6</subfield>
    <subfield code="p">RUA000818</subfield>
    <subfield code="r">2019-08-09</subfield>
    <subfield code="s">2019-07-08</subfield>
    <subfield code="w">2015-09-21</subfield>
    <subfield code="y">AGR</subfield>
  </datafield>
  <datafield tag="952" ind1=" " ind2=" ">
    <subfield code="0">0</subfield>
    <subfield code="1">0</subfield>
    <subfield code="2">ddc</subfield>
    <subfield code="4">0</subfield>
    <subfield code="6">AGR_SEN_2009_000000000000000_B042_OR_7</subfield>
    <subfield code="7">0</subfield>
    <subfield code="9">51983</subfield>
    <subfield code="a">LBB</subfield>
    <subfield code="b">LBB</subfield>
    <subfield code="d">2016-09-13</subfield>
    <subfield code="o">AGR SEN 2009 B042 Or.7</subfield>
    <subfield code="p">RUA060525</subfield>
    <subfield code="r">2016-09-13</subfield>
    <subfield code="w">2016-09-13</subfield>
    <subfield code="y">AGR</subfield>
  </datafield>
</record>
